| 000 | 00647 a2200181 4500 | ||
|---|---|---|---|
| 999 |
_c105 _d105 |
||
| 020 | _a9781472435170 | ||
| 050 | _aBF378.E94 WIG 2015 | ||
| 100 |
_aWiggins, Mark W. _eeditor |
||
| 245 |
_aDiagnostic expertise in organizational environments / _cedited by Mark W. Wiggins and Thomas Loveday |
||
| 264 |
_aSurrey, England : _bAshgate Publishing _c2015 |
||
| 300 |
_axiv, 190p. : _bill. |
||
| 500 | _aIncludes bibliographical references (pages 149-185) and index | ||
| 650 | _aExpertise | ||
| 650 | _aReasoning (Psychology) | ||
| 650 | _aPerformance technology | ||
| 700 |
_aLoveday, Thomas (Psycologist) _eeditor |
||
| 942 |
_2lcc _cBK _h378.E94 _iWIG _kBF |
||